Normal view
MARC view
Entry Personal Name
001 - CONTROL NUMBER
- control field: 59990
003 - CONTROL NUMBER IDENTIFIER
- control field: OSt
005 - DATE AND TIME OF LATEST TRANSACTION
- control field: 20260407143648.0
008 - FIXED-LENGTH DATA ELEMENTS
- fixed length control field: 260407|| aca||aabn | a|a d
040 ## - CATALOGING SOURCE
- Original cataloging agency: OSt
- Transcribing agency: OSt
100 ## - HEADING--PERSONAL NAME
- Personal name: Iftikhar, Rehab
670 ## - SOURCE DATA FOUND
- Source citation: Work cat.: (OSt): Iftikhar, Rehab, The knowledge acquisition process in interorganizational projects: A multiple-case study of infrastructural projects in Pakistan
